Żużel: Czy potrafisz wymienić zawodników PGE Ekstraligii 2025? - Statystyki

Ogólne statystyki
  • Ten quiz został rozwiązany 368 razy
    350 od ostatniego zresetowania
  • Średni wynik to 45 z 54
Statystyki odpowiedzi
Hint Odpowiedź % Poprawnych
Motor Lublin (senior) Bartosz Zmarzlik
98%
KS Toruń (senior) Patryk Dudek
98%
KS Toruń (senior) Robert Lambert
97%
Motor Lublin (senior) Jack Holder
96%
Sparta Wrocław (senior) Maciej Janowski
96%
Sparta Wrocław (senior) Artiom Łaguta
94%
Motor Lublin (senior) Dominik Kubera
94%
Motor Lublin (senior) Fredrik Lindgren
94%
Włókniarz Częstochowa (senior) Piotr Pawlicki
94%
Falubaz Zielona Góra (senior) Przemysław Pawlicki
94%
Motor Lublin (U-21) Wiktor Przyjemski
94%
ROW Rybnik (senior) Chris Holder
93%
Motor Lublin (U-21) Bartosz Bańbor
92%
Sparta Wrocław (senior) Brady Kurtz
92%
KS Toruń (U-24) Jan Kvech
92%
Motor Lublin (U-24) Mateusz Cierniak
92%
GKM Grudziądz (senior) Michael Jepsen Jensen
92%
KS Toruń (senior) Mikkel Michelsen
92%
Sparta Wrocław (U-24) Bartłomiej Kowalski
91%
Falubaz Zielona Góra (senior) Leon Madsen
91%
KS Toruń (U-21) Antoni Kawczyński
90%
Sparta Wrocław (senior) Daniel Bewley
90%
ROW Rybnik (senior) Maksym Drabik
88%
Stal Gorzów Wlkp. (senior) Martin Vaculik
88%
Stal Gorzów Wlkp. (senior) Anders Thomsen
87%
Falubaz Zielona Góra (senior) Jarosław Hampel
86%
ROW Rybnik (senior) Nicki Pedersen
86%
Stal Gorzów Wlkp. (U-21) Oskar Paluch
86%
KS Toruń (senior) Emil Sajfutdinow
85%
Włókniarz Częstochowa (senior) Jason Doyle
84%
Falubaz Zielona Góra (U-21) Damian Ratajczak
83%
GKM Grudziądz (senior) Max Fricke
83%
GKM Grudziądz (senior) Jaimon Lidsey
82%
GKM Grudziądz (senior) Wadim Tarasienko
82%
Stal Gorzów Wlkp. (senior) Oskar Fajfer
81%
Falubaz Zielona Góra (U-21) Oskar Hurysz
81%
Falubaz Zielona Góra (senior) Rasmus Jensen
81%
GKM Grudziądz (U-21) Kevin Małkiewicz
80%
GKM Grudziądz (U-24) Jakub Miśkowiak
79%
Sparta Wrocław (U-21) Marcel Kowolik
79%
Sparta Wrocław (U-21) Jakub Krawczyk
78%
Włókniarz Częstochowa (senior) Kacper Woryna
77%
Stal Gorzów Wlkp. (senior) Andrzej Lebiediew
76%
Włókniarz Częstochowa (senior) Mads Hansen
76%
GKM Grudziądz (U-21) Kacper Łobodziński
75%
Stal Gorzów Wlkp. (U-21) Hubert Jabłoński
73%
ROW Rybnik (senior) Rohan Tungate
73%
Włókniarz Częstochowa (U-24) Wiktor Lampart
73%
ROW Rybnik (senior) Gleb Czugunow
68%
ROW Rybnik (U-24) Kacper Pludra
67%
Włókniarz Częstochowa (U-21) Franciszek Karczewski
66%
ROW Rybnik (U-21) Paweł Trześniewski
64%
Falubaz Zielona Góra (U-24) Jonas Knudsen
60%
Włókniarz Częstochowa (U-21) Szymon Ludwiczak
58%
Nie znaleziono quizów pasujących do podanych kryteriów
Rozkład punktacji
Procent ludzi z każdym wynikiem
Percentyl według liczby udzielonych odpowiedzi
Twoja historia wyników
Nie rozwiązałeś tego quizu od ostatniego zresetowania